Sabka Saath Sabka Vikas Sabka Vishwas: (Record no. 208489)

MARC details
000 -LEADER
fixed length control field 00624nam a22001817a 4500
005 - DATE AND TIME OF LATEST TRANSACTION
control field 20250114165002.0
010 ## - LCCN (DPL NO)
LC control number ENG-143405
020 ## - INTERNATIONAL STANDARD BOOK NUMBER
International Standard Book Number 9789354099113
Terms of availability 1125.00
035 ## - SYSTEM CONTROL NUMBER
System control number EN-126937
037 ## - SOURCE OF ACQUISITION
Source of stock number/acquisition DBAD
082 ## - DEWEY DECIMAL CLASSIFICATION NUMBER
Classification number 658.110954
100 ## - MAIN ENTRY--PERSONAL NAME
Personal name Modī, Narendra
245 ## - TITLE STATEMENT
Title Sabka Saath Sabka Vikas Sabka Vishwas:
Statement of responsibility, etc By Narendra Modī
Remainder of title Prime Minister Narendra Modi Speaks (June 2021-May 2022)/
260 ## - PUBLICATION, DISTRIBUTION, ETC. (IMPRINT)
Place of publication, distribution, etc New Delhi
Name of publisher, distributor, etc Publications Division
Date of publication, distribution, etc 2023
270 ## - ADDRESS
Address Soochana Bhawan, CGO complex, Lodhi Road
City New Delhi
Postal code 110003
300 ## - PHYSICAL DESCRIPTION
Extent 664p.
Dimensions 25cm(hb)
942 ## - ADDED ENTRY ELEMENTS (KOHA)
Source of classification or shelving scheme Dewey Decimal Classification
Item type English Books
Classification part 658.110954
Call number suffix SAB
Holdings
Withdrawn status Lost status Not for loan Collection code Home library Current library Date acquired Source of acquisition Cost, normal purchase price Full call number Barcode Copy number Cost, replacement price Koha item type
      Non-fiction Central Library Central Library 14/01/2025 Delivery of Books Act Division 1125.00 658.110954 SAB EN-126937 1 1125.00 English Books

© Delhi Public Library
Hit Counter
free hit counter